[Event "11. Einzel EM"]
[Site "Rijeka"]
[Date "2010.03.11"]
[Round "6.92"]
[White "Kurmann, Oliver"]
[Black "Smirin, Ilia"]
[Result "1-0"]
[WhiteElo "2432"]
[BlackElo "2647"]
[PlyCount "77"]
[EventDate "2010.03.06"]
[EventRounds "11"]
[EventCountry "CRO"]

{B42: Sizilianisch (Paulsen-Variante)} 1. e4 c5 2. Nf3 e6 3. d4 cxd4 4. Nxd4 a6
5. Bd3 Bc5 6. Nb3 Be7 7. Qg4 g6 8. Qe2 d6 9. Be3 Qc7 10. N1d2 Nd7 11. f4 Ngf6 (
11... b6 12. O-O-O Bb7 13. g4 Ngf6 14. Kb1 b5 15. g5 Nh5 16. f5 exf5 17. exf5
Bxh1 18. Rxh1 O-O 19. f6 Bd8 20. Be4 Rc8 21. Rc1 Ne5 22. Bd5 Re8 23. Ne4 Nc4
24. Qd3 Re5 25. Bd2 a5 26. Nc3 {Shaposhnikov,E (2554)-Smirin,I (2654)/Moskau
2007/0-1}) 12. g4 b5 13. O-O-O Bb7 $146 (13... Nc5 14. Kb1 Bb7 15. Bd4 e5 16.
Nxc5 exd4 17. Nxb7 Qxb7 18. e5 dxe5 19. fxe5 Nd5 20. Be4 Rd8 21. Nf3 Qc7 22.
Rxd4 Nf4 23. Rxd8+ Bxd8 24. Qe3 Ne6 25. h4 O-O 26. h5 Qe7 27. Bd5 Ng5 28. hxg6
{Kobalia,M (2656)-Pugachov,A (2499)/2004/1-0}) 14. g5 Nh5 15. Rhf1 O-O 16. Kb1
Rac8 17. Rc1 Rfe8 18. Qf2 d5 19. f5 Ne5 20. Be2 dxe4 21. fxe6 (21. Bb6 $5 Qb8
22. Ba7 $11) 21... fxe6 $15 22. Bxh5 gxh5 23. Qh4 Rf8 24. Rxf8+ Rxf8 25. Qxh5
Ng6 26. Nd4 Qe5 27. Qg4 Nf4 28. c4 Nd3 (28... Bb4 29. Rc2 Bxd2 30. Rxd2 Nd3 31.
cxb5 axb5 $11) 29. Rf1 (29. Rg1 $142 $14) 29... Rxf1+ $17 30. Nxf1 bxc4 31. Qh5
(31. Qxe6+ Qxe6 32. Nxe6 Kf7 $17) 31... Bd5 (31... Bc6 $142 $1 32. Qh6 Bd5 $19)
32. Qe8+ $15 Bf8 33. Ng3 c3 (33... Qd6 34. Ngf5 exf5 35. Nxf5 $15) 34. bxc3 (
34. Nh5 c2+ (34... Qxh2 $4 35. Nf6+ Kg7 36. Nxe6+ Bxe6 37. Nh5+ Qxh5 38. Qxh5
$18) 35. Ka1 c1=Q+ 36. Bxc1 Qxd4 (36... Nxc1 $4 37. Nf6+ Kg7 38. Qh5 Qxf6 39.
gxf6+ Kxf6 40. Qh4+ Ke5 41. Qg3+ Kf6 42. Qf4+ Kg7 43. Qxc1 $18) 37. Nf6+ Qxf6
38. gxf6 Nxc1 $11) 34... Bxa2+ (34... Qd6 $5 35. g6 Qe7 36. Qxe7 Bxe7 $15) 35.
Kc2 $11 Nf4 $4 (35... Ne1+ $142 36. Kc1 Bc4 $11) 36. Ngf5 $3 $18 Bb3+ 37. Kd2 (
37. Nxb3 $6 Qxf5 38. Nd4 Qg6 39. Qxg6+ Nxg6 (39... hxg6 $4 40. Bxf4 Bc5 41.
Nxe6 $18) 40. Nxe6 Bd6 $11) 37... Qc5 38. Nh6+ (38. Bxf4 $6 exf5 39. g6 hxg6
40. Qxg6+ Bg7 $11) 38... Kh8 39. Nxb3 (39. Nxb3 Qd6+ 40. Bd4+ e5 41. Nf7+ Kg7
42. Nxd6 Bxd6 43. Bxe5+ Bxe5 44. Qxe5+ Kf7 45. Qxf4+ $18) 1-0

[Event "11. Einzel EM"]
[Site "Rijeka/Croatia"]
[Date "2010.03.08"]
[Round "3"]
[White "Navara, David"]
[Black "Pelletier, Yannick"]
[Result "0-1"]
[WhiteElo "2708"]
[BlackElo "2611"]
[PlyCount "60"]
[EventDate "2010.??.??"]
[EventType "game"]
[EventCountry "CRO"]

{C10: Französische Verteidigung (Rubinstein-Variante)} 1. e4 e6 2. d4 d5 3. Nc3
dxe4 4. Nxe4 Nd7 5. Nf3 Ngf6 6. Nxf6+ Nxf6 7. Bg5 h6 8. Be3 Bd6 9. Bd3 b6 10.
Ne5 O-O 11. Qf3 Nd5 12. O-O-O $146 (12. g4 Bb7 13. Rg1 Nxe3 14. Qxe3 Qh4 15.
O-O-O c5 16. g5 h5 17. Qe2 Qxh2 18. Rg3 g6 19. dxc5 Bxe5 20. Qxe5 Qxf2 21. c6
Bxc6 22. Rf1 Qh2 23. Bxg6 fxg6 24. Qxe6+ Kh8 25. Qe5+ Kg8 26. Qe6+ Kh8 {Acs,P 
(2550)-Meier,G (2664)/Paks 2009 / 1/2-1/2}) (12. Bd2 Qh4 13. g4 Bb7 14. O-O-O
Rad8 15. Rhg1 Ba8 16. Qe4 Nf6 17. Qe2 Bxe5 18. dxe5 Rxd3 19. cxd3 Nd5 20. f4
Rd8 21. Rdf1 c5 22. f5 Nb4 23. Bxb4 cxb4 24. Qf2 Qe7 25. Qe3 b3 26. Kb1 Qb4 {
Svidler,P (2754)-Timofeev,A (2651)/Moskau 2009/1-0}) 12... Bb7 13. Bd2 Qh4 14.
Rhe1 Rad8 15. g3 (15. Re4 $142 $5 Qe7 16. Qg3 $16) 15... Qxd4 $11 16. Re4 Qc5
17. Bxh6 $4 (17. Ng4 $142 f5 18. Nxh6+ gxh6 19. Rc4 $11) 17... Nb4 $19 18. Bxg7
Bxe4 19. Qxe4 f5 (19... Kxg7 $4 20. Qg4+ Kh8 21. Qh4+ Kg7 22. Qg5+ Kh8 23. Qh6+
Kg8 24. Qh7#) (19... Nxa2+ $6 20. Kb1 f5 21. Qf4 $11) 20. Qf4 $2 (20. Qh4 Bxe5
21. Bxe5 Rxd3 22. Qh8+ Kf7 23. Qf6+ Ke8 24. Qxe6+ Kd8 25. Bf6+ Rxf6 26. Qxf6+
Kd7 27. Qf7+ Kc8 28. Qe6+ Kb7 29. Qe2 Nxa2+ 30. Kb1 $19) 20... Bxe5 $19 (20...
Kxg7 $4 21. Qg5+ Kh7 22. Qg6+ Kh8 23. Qh6+ Kg8 24. Qxe6+ Kg7 25. Qg6+ Kh8 26.
Bc4 Qxc4 27. Qh5+ Kg8 28. Nxc4 $18) (20... Nxa2+ $6 21. Kb1 Qb4 22. Qg5 (22.
Bxf8 $143 Nc3+ 23. Kc1 Qxf4+ 24. gxf4 Bxe5 (24... Nxd1 $6 25. Bxd6 Nxb2 26.
Bxc7 Nxd3+ 27. Nxd3 $11 (27. cxd3 $4 Rc8 $19)) 25. bxc3 Bxf4+ 26. Kb2 Kxf8 $19)
22... Nc3+ 23. Kc1 Na2+ 24. Kb1 Nc3+ 25. Kc1 Na2+ 26. Kb1 $11) 21. Bxe5 Rxd3 (
21... Nxd3+ $6 22. Rxd3 Rxd3 23. Qg5+ Kf7 24. Qf6+ Ke8 25. Qxe6+ Kd8 26. b4
Qxb4 27. Bf6+ Rxf6 28. Qxf6+ Kc8 29. cxd3 Qe1+ 30. Kc2 Qxf2+ 31. Kb3 $11) 22.
Qg5+ Kf7 23. Qf6+ Ke8 24. Qxe6+ Kd8 25. Bf6+ Rxf6 $1 26. Qxf6+ Kc8 27. Qe6+ Kb7
28. Qe2 Nxa2+ 29. Kb1 Rxd1+ 30. Qxd1 Nb4 (30... Nb4 31. c3 Qd5 32. Qxd5+ Nxd5
$19) 0-1

[Event "Reykjavik Open"]
[Site "Reykjavik ISL"]
[Date "2010.02.28"]
[Round "6"]
[White "Sokolov, Ivan"]
[Black "Baklan, Vladimir"]
[Result "1-0"]
[WhiteElo "2649"]
[BlackElo "2654"]
[PlyCount "91"]
[EventDate "2010.02.24"]
[EventType "swiss"]
[EventRounds "9"]
[EventCountry "ISL"]

{E16: Damenindisch (Hauptfortsetzung mit Lb4)} 1. d4 Nf6 2. c4 e6 3. Nf3 b6 4.
g3 Bb7 5. Bg2 Bb4+ 6. Bd2 Bxd2+ 7. Qxd2 O-O 8. O-O Ne4 9. Qe3 d5 10. Rc1 Re8
11. Nc3 Nd6 12. Nd2 Nc6 13. cxd5 exd5 14. Qf4 g5 $2 (14... Ne7 $142 $5 $11) 15.
Qg4 $16 f5 16. Bxd5+ Kh8 17. Qh5 Nxd4 18. Bxb7 Nxb7 19. Nf3 Ne6 20. h4 g4 21.
Ng5 (21. Ne5 $5 Ng7 22. Nf7+ Kg8 23. Nxd8 Nxh5 24. Nxb7 $16) 21... Nxg5 $14 22.
hxg5 (22. Qxg5 $143 Qxg5 23. hxg5 Rad8 $11) 22... Rg8 23. g6 Rxg6 24. Qxf5 c6
25. Rd1 Nd6 26. Qe5+ Qf6 27. Qxf6+ Rxf6 28. Rd4 Rg8 29. Rad1 Rgg6 30. Kg2 a5
31. a4 Kg8 32. b4 axb4 33. Rxb4 b5 34. axb5 Nxb5 35. Nxb5 cxb5 36. Rxb5 Rf7 37.
Rd4 Kf8 38. Rf4 h6 $2 (38... Kg7 $142 $18) 39. Rbb4 h5 (39... Rxf4 40. gxf4 Rd6
$18) 40. Rb7 Rxf4 41. gxf4 Ra6 42. Rb5 Ra2 43. e3 h4 44. Rh5 g3 45. Rxh4 gxf2
46. Kf1 1-0

[Event "26. Open"]
[Site "Cappelle la Grande FRA"]
[Date "2010.02.18"]
[Round "7"]
[White "Kazhgaleyev, Murtas"]
[Black "Zherebukh, Yaroslav"]
[Result "0-1"]
[WhiteElo "2643"]
[BlackElo "2531"]
[PlyCount "78"]
[EventDate "2010.02.13"]
[EventType "swiss"]
[EventRounds "9"]
[EventCountry "FRA"]

{D49: Damengambit (Meraner Variante)} 1. d4 d5 2. c4 c6 3. Nc3 Nf6 4. Nf3 e6 5.
e3 Nbd7 6. Bd3 dxc4 7. Bxc4 b5 8. Bd3 a6 9. e4 c5 10. e5 cxd4 11. Nxb5 axb5 12.
exf6 gxf6 13. O-O Qb6 14. Qe2 Bb7 15. Bxb5 Rg8 16. Bf4 Bd6 17. Bg3 f5 18. Rfc1
f4 19. Bh4 Be7 20. a4 Qd6 $146 (20... Bxh4 21. Nxh4 Ke7 22. Ra3 Rac8 23. Rxc8
Rxc8 24. Ra1 Qc5 25. Qg4 Qe5 26. Nf3 Qf6 27. Re1 Rc5 28. b4 Rc3 29. Nxd4 Qxd4
30. Rd1 Nf6 31. Rxd4 Nxg4 32. Rd7+ Kf6 33. Rxb7 Rc1+ 34. Bf1 Ne3 35. fxe3 {
Kramnik,V (2772)-Anand,V (2783)/Bonn  2008 / 0-1}) 21. Ra3 Ra5 $4 (21... Rb8
22. Bxe7 Kxe7 $11) 22. Rd3 (22. Qe4 $142 $1 Qb8 23. Qxh7 $18) 22... Bxh4 $15
23. Nxh4 Rxb5 24. axb5 Ne5 25. f3 (25. Qd1 $142 $5 Nxd3 26. Qxd3 $17) 25...
Nxd3 $19 26. Qxd3 Rg5 27. Qxh7 $4 (27. Kf2 $142 $19) 27... d3 28. Rd1 (28. Qh8+
Ke7 29. Qc3 Rc5 30. Ng6+ Ke8 31. Qxc5 Qxc5+ 32. Rxc5 d2 $19) 28... Qd4+ 29. Kh1
(29. Kf1 Bd5 30. Rd2 $19 (30. Rxd3 Bc4 31. Qh8+ Qxh8 32. g4 Bxd3+ 33. Kg1 Qxh4
34. Kg2 Rc5 35. b4 Rc2+ 36. Kh1 Qxh2#) (30. Qxd3 $4 Bc4 31. Qxc4 Qxc4+ 32. Kg1
Rxb5 $19)) 29... d2 30. h3 Qxb2 (30... Rc5 31. Ng6 fxg6 32. Qxg6+ Kd7 33. Qf7+
Kd6 34. Kh2 $19) 31. Qd3 (31. Kh2 Rxb5 32. Qg8+ Ke7 $19) 31... Rd5 32. Qe2 Bc8
33. b6 (33. Nf5 Bd7 34. b6 Rxf5 35. Rxd2 Qxb6 $19) 33... Qc1 34. Kh2 Kf8 35. g3
(35. Qf1 Qc2 36. Qe2 $19) 35... fxg3+ (35... Ba6 $142 $1 36. b7 fxg3+ 37. Kg2
Bxe2 38. b8=Q+ Ke7 39. Qb4+ Ke8 40. Qxd2 $19) 36. Kxg3 Ba6 $3 37. Qxa6 Qxd1 38.
b7 (38. Ng2 Rg5+ 39. Kf4 Rf5+ 40. Ke3 Rxf3+ 41. Kd4 Qg1+ 42. Ke4 d1=Q 43. Qc8+
Kg7 44. Qg8+ Kxg8 45. b7 Qgd4#) 38... Qe1+ 39. Kg2 (39. Kh2 Qe5+ 40. Kg2 Qg5+
41. Kh2 Qf4+ 42. Kg1 d1=Q+ 43. Qf1 Qg3+ 44. Ng2 Qd4+ 45. Qf2 Qdxf2+ 46. Kh1
Qfxg2#) 39... Rg5+ (39... Rg5+ 40. Kh2 Qg1#) 0-1

[Event "XXVII SuperGM Linares"]
[Site "Linares ESP"]
[Date "2010.02.14"]
[Round "2"]
[White "Topalov, Veselin"]
[Black "Gashimov, Vugar"]
[Result "1-0"]
[WhiteElo "2805"]
[BlackElo "2759"]
[PlyCount "95"]
[EventDate "2010.02.13"]
[EventType "tourn"]
[EventRounds "10"]
[EventCountry "ESP"]
[EventCategory "21"]

{D11: Damengambit (Slawische Verteidigung)} 1. d4 d5 2. c4 c6 3. Nf3 Nf6 4. e3
a6 5. Qc2 g6 6. Bd3 Bg7 7. O-O O-O 8. Nbd2 Nbd7 9. cxd5 $146 (9. b3 c5 10. Bb2
b6 11. e4 dxe4 12. Nxe4 cxd4 13. Nxd4 Bb7 14. Rad1 Qc7 15. Rfe1 Rad8 16. Nf3
Nh5 17. Bxg7 Nxg7 18. b4 Ne6 19. Neg5 Nxg5 20. Nxg5 Nf6 21. Qe2 e6 22. Ne4 Bxe4
23. Bxe4 a5 {Rombaldoni,D (2327)-Fressinet,L (2627)/Saint Vincent 2005 / 0-1})
(9. b4 e5 10. dxe5 Ng4 11. Bb2 Ndxe5 12. h3 dxc4 13. Bxc4 Nxc4 14. Nxc4 Nf6 15.
Rad1 Qe7 16. Be5 Bf5 17. Qb2 Rfd8 18. Nd6 Be6 19. Nxb7 Rxd1 20. Rxd1 Qxb7 21.
Bxf6 Bf8 22. Ng5 Qxb4 23. Qxb4 Bxb4 {Mikhalchishin,A (2529)-Fressinet,L (2625)/
Holland 2006 / 1-0}) 9... cxd5 10. b3 Nb8 11. Ba3 Nc6 12. Rac1 Be6 13. Qb2 Re8
14. h3 Rc8 15. Rc2 Bf5 16. Bxf5 gxf5 17. Ne1 (17. Rfc1 Nd7 $16) 17... Ne4 18.
Nd3 e5 19. Nxe4 dxe4 20. Nxe5 Nxe5 21. dxe5 Rxc2 22. Qxc2 Qa5 23. Bd6 Bxe5 24.
b4 Qd8 25. Bxe5 Rxe5 26. Rc1 Rd5 27. a4 b5 28. axb5 Rxb5 29. Qa4 Qd6 30. Qa1
Qe5 31. Qxa6 Rxb4 32. Qh6 Rb8 33. g3 Qe6 34. Qf4 Rc8 35. Rd1 Rc6 36. Rd8+ Kg7
37. Kg2 h6 $4 (37... Rb6 $142 $16) 38. Qb8 $18 Qf6 (38... Qe7 $18) 39. Rd5 (39.
Rh8 $142 Kg6 40. h4 $18) 39... Re6 (39... f4 40. exf4 Qc3 41. Qe5+ Qxe5 42.
Rxe5 $16) 40. h4 (40. Qf4 $142 $18) 40... h5 $4 (40... f4 $142 41. Qxf4 Qxf4
42. exf4 Rb6 $16) 41. Rd8 $18 Kh7 42. Rg8 f4 (42... Rd6 43. Qf8 Rd7 44. Rg5 $18
) 43. gxf4 (43. Rg5 $142 f3+ 44. Kh3 $18) 43... Qxh4 (43... Rd6 44. Qf8 Rd5 $18
) 44. Rh8+ Kg6 45. Qg8+ Kf6 46. Qd8+ Re7 (46... Kg6 47. Qxh4 Kg7 48. Rxh5 Rg6+
49. Kh2 f6 50. Rh7+ Kf8 51. Qh3 Rg7 52. Qc8+ Kf7 53. Qb7+ Ke6 54. Rxg7 Kd6 55.
Rd7+ Kc5 56. Rc7+ Kd6 57. Qc6#) 47. Rh6+ Kf5 48. Qd5+ (48. Qd5+ Kg4 49. f3+
exf3+ 50. Qxf3+ Kf5 51. Qd5+ Kg4 52. Qd1+ Kf5 53. Qd3+ Re4 54. Qd5+ Re5 55.
Qxe5+ Kg4 56. Rg6+ fxg6 57. Qe6#) 1-0

[Event "9. Aeroflot Open A"]
[Site "Moscow"]
[Date "2010.02.10"]
[Round "2"]
[White "Le Quang Liem"]
[Black "Bacrot, Etienne"]
[Result "1-0"]
[WhiteElo "2647"]
[BlackElo "2713"]
[PlyCount "109"]
[EventDate "2010.02.09"]
[EventType "swiss"]
[EventRounds "9"]
[EventCountry "RUS"]

{D15: Damengambit (Slawische Verteidigung)} 1. d4 d5 2. c4 c6 3. Nf3 Nf6 4. e3
a6 5. Nc3 b5 6. b3 Bg4 7. h3 Bxf3 8. Qxf3 e5 9. dxe5 Bb4 10. Bd2 Bxc3 11. Bxc3
Ne4 12. Bb4 bxc4 13. Qg4 c5 14. f3 cxb4 15. fxe4 O-O 16. exd5 Nd7 17. Qd4 cxb3
18. axb3 Qg5 19. Qf4 Qg6 20. Rd1 $146 (20. Qg4 Qh6 21. Qf4 {Grischuk,A (2736)
-Aronian,L (2781)/Bursa TUR 2010/ 1/2-1/2}) 20... Qc2 21. Bc4 Qc3+ 22. Ke2 Nxe5
23. d6 Rad8 24. Rd5 Rfe8 25. Rhd1 h6 26. Qd4 Qc2+ $2 (26... Re6 $142 $5 $14)
27. Rd2 $18 Qf5 28. Rc5 (28. Bxa6 $5 Re6 29. Bd3 Qg5 $18) 28... Qg5 $16 29. Kd1
Qf6 30. Bxa6 Re6 $2 (30... Nd7 $142 31. Rc7 Qg5 $16) 31. Rc8 $18 Rxc8 32. Bxc8
Qf1+ $2 (32... Re8 33. Ba6 Ra8 $18) 33. Kc2 Re8 34. d7 Nxd7 35. Bxd7 (35. Qxd7
$6 Rxe3 36. Kb2 Rc3 $11) 35... Ra8 36. Qxb4 Ra2+ 37. Kc3 Qe1 38. Kd3 Ra1 (38...
Qb1+ 39. Ke2 Rxd2+ 40. Qxd2 Qxb3 41. Bf5 $18) 39. Qb8+ Kh7 40. Qf4 Qb1+ (40...
Rd1 41. e4 $18) 41. Kc3 Qc1+ 42. Rc2 Qe1+ 43. Kc4 Kg8 44. Qe4 (44. Rf2 $142 Ra8
45. Qxf7+ Kh8 $18) 44... Qa5 (44... g6 45. Bc6 Qf1+ 46. Kc5 $18) 45. b4 (45.
Qe8+ $142 Kh7 46. Qxf7 Qc7+ 47. Kd3 Rd1+ 48. Rd2 Qd6+ 49. Ke4 Qb4+ (49... Rxd2
$4 50. Bf5+ Qg6 51. Bxg6+ Kh8 52. Qf8#) (49... Qxd2 $4 50. Bf5+ Kh8 51. Qe8#)
50. Kf3 Rf1+ (50... Qxd2 $4 51. Bf5+ Kh8 52. Qe8#) (50... Rxd2 51. Bf5+ Kh8 52.
Qe8+ Qf8 53. Qxf8#) 51. Rf2 Rxf2+ 52. Kxf2 Qd2+ 53. Kf3 Qd1+ 54. Kg3 Qd6+ 55.
Kg4 Qb8 $18) 45... Qa6+ 46. Bb5 Qf6 (46... Qd6 47. Qe8+ Kh7 48. Qxf7 $18) 47.
Qd4 Qe6+ 48. Kc3 Re1 (48... Ra3+ 49. Kd2 Ra8 50. Bd3 $18) 49. Be2 (49. Kd2 Rg1
50. Bc6 Qg6 $18) 49... Qc6+ (49... Ra1 50. Bc4 Qe7 51. Ra2 Rxa2 52. Bxa2 $18)
50. Bc4 Qa4 (50... Qe8 51. Kd2 Rg1 52. Bd5 $18) 51. Qd8+ (51. Bxf7+ $142 Kxf7
52. Qc4+ Ke7 53. Qc5+ Ke6 $18) 51... Kh7 52. Qd3+ Kg8 (52... g6 53. Bxf7 Qa1+
54. Kc4 Qg7 $18) 53. Ra2 Qc6 54. b5 Qf6+ 55. Kb3 (55. Kb3 Ra1 56. Rxa1 Qxa1 57.
Qf1 Qxf1 58. Bxf1 h5 59. b6 f6 60. b7 Kf7 61. Bc4+ Kg6 62. b8=Q h4 63. Bd3+ Kf7
64. Qc7+ Ke6 65. Bc4+ Kf5 66. Qf7 Kg5 67. Qxg7+ Kf5 68. Qg4+ Ke5 69. Qf4#) 1-0

[Event "Open A"]
[Site "Moskau"]
[Date "2010.02.06"]
[Round "8"]
[White "Motylev, Alexander"]
[Black "Chernyshov, Konstantin"]
[Result "0-1"]
[WhiteElo "2697"]
[BlackElo "2556"]
[PlyCount "108"]
[EventDate "2010.01.30"]
[EventType "swiss"]
[EventRounds "9"]
[EventCountry "RUS"]

{B00: Damenfianchetto, Nimzowitsch-Verteidigung} 1. e4 e6 2. d4 b6 3. Nf3 Bb7
4. Bd3 Nf6 5. Qe2 d5 6. e5 Nfd7 7. h4 c5 8. c3 Nc6 9. Bg5 Be7 10. Na3 $146 (10.
a3 c4 11. Bc2 h6 12. Bxe7 Qxe7 13. h5 O-O-O 14. Nbd2 f6 15. Nh4 fxe5 16. Ng6
Qf6 17. Nxh8 Rxh8 18. dxe5 Ncxe5 19. O-O-O Nc5 20. Nf3 Ned3+ 21. Kb1 Rf8 22.
Qe3 Ba6 23. Rhf1 Kb7 24. Qd4 Ne4 {Franke,H (2395)-Thiede,L/Berlin 1988/  1-0})
10... a6 11. Rc1 b5 12. O-O h6 13. Bxe7 Qxe7 14. h5 O-O 15. Bb1 f5 16. exf6
Rxf6 17. Rfe1 Raf8 (17... b4 $142 $5 18. cxb4 cxb4 $14 (18... Nxd4 $2 19. Nxd4
cxd4 20. Rc7 $18)) 18. Qd3 $16 g5 19. Re3 $4 (19. hxg6 $142 Qg7 20. Qe3 cxd4
21. cxd4 $16) 19... b4 20. Nc2 a5 (20... bxc3 21. Qxc3 e5 22. dxc5 $15) 21.
Rce1 c4 (21... e5 $5 22. dxe5 Re6 $11) 22. Qe2 Nd8 $2 (22... Qf7 $142 $5 $14)
23. Rf1 $16 Nc6 24. Nh2 b3 (24... e5 $142 25. dxe5 Rf4 $18 (25... Ndxe5 $4 26.
Ng4 $18) (25... Ncxe5 $4 26. Ng4 $18)) 25. axb3 cxb3 26. Na1 a4 27. Ng4 Nd8 28.
Nxf6+ Nxf6 29. Re1 Bc6 30. Bg6 Be8 31. Bf5 $1 Bd7 32. Bd3 Qd6 33. Rf3 Kg7 34.
g3 (34. Rg3 $142 $5 $18) 34... Be8 $14 35. Bg6 Bxg6 36. hxg6 Qc6 37. Qe5 (37.
Qd3 $142 $5 $16) 37... Kxg6 $11 38. Kg2 Qd7 39. Qe2 Kg7 40. Qa6 Rf7 41. Re2 Re7
42. Rfe3 Ng4 43. Rd3 Qc6 44. Qa5 Nb7 45. Qb4 Nd6 46. Nxb3 $2 (46. Rd1 $142 $15)
46... axb3 $19 47. Qxb3 Nf5 (47... e5 48. dxe5 d4+ 49. Kg1 Nxe5 50. Qd1 $19)
48. Rf3 (48. Qc2 $5 $17) 48... Rf7 $19 49. Qb8 e5 $1 50. Rxe5 Nxe5 51. Qxe5+
Kg6 52. Kg1 Qd7 53. c4 $4 (53. Qb8 $19) 53... dxc4 54. g4 (54. Kh2 Re7 55. Qc5
Nxd4 $19) 54... Nd6 (54... Nd6 55. Rxf7 Qxg4+ 56. Kf1 Nxf7 $19 (56... Kxf7 $6
57. Qxd6 Qh3+ 58. Kg1 $11)) 0-1

[Event "Corus A"]
[Site "Wijk aan Zee NED"]
[Date "2010.01.23"]
[Round "7"]
[White "Carlsen, Magnus"]
[Black "Ivanchuk, Vassily"]
[Result "1-0"]
[WhiteElo "2810"]
[BlackElo "2749"]
[PlyCount "69"]
[EventDate "2010.01.16"]
[EventType "tourn"]
[EventRounds "13"]
[EventCountry "NED"]
[EventCategory "19"]

{D10: Damengambit (Slawische Verteidigung)} 1. d4 d5 2. c4 c6 3. Nc3 Nf6 4. e3
a6 5. Qc2 g6 6. Bd3 (6. Nf3 Bg7 7. Be2 O-O 8. O-O Bg4 9. h3 Bxf3 10. Bxf3 dxc4
11. b3 cxb3 12. Qxb3 Ra7 13. e4 b5 14. e5 Ne8 15. Be3 Rd7 16. Rfd1 Nc7 17. a4
e6 18. Ne4 Nd5 19. Bg5 Qb6 20. Nc5 Ra7 {Tkachiev,V (2672)-Rogozenko,D (2537)/
Breda 2001/1/2-1/2}) 6... Be6 $146 (6... Bg7 7. Nge2 (7. b3 O-O 8. Bb2 c5 9.
dxc5 Qa5 10. a3 dxc4 11. Bxc4 Qxc5 12. Nf3 Nbd7 13. Na4 Qa5+ 14. b4 Qd8 15. Be2
b5 16. Nc5 Nxc5 17. bxc5 Bb7 18. O-O Rc8 19. Rfc1 Be4 20. Qc3 Qd5 21. Qb4 Qa8 {
Alexandrova,O (2387)-Sedina,E (2380)/Moskau 2001/0-1}) 7... O-O 8. O-O dxc4 9.
Bxc4 Nbd7 10. b4 e5 11. Rd1 Qe7 12. a3 exd4 13. Nxd4 Nb6 14. Be2 Rd8 15. Bb2
Bg4 16. h3 Bxe2 17. Ncxe2 a5 18. Qb3 axb4 19. axb4 Nfd5 20. Nc2 Bxb2 21. Qxb2 {
Popov,V (2577)-Voinov,A (2428)/Krasnoyarsk 2007/1/2-1/2}) 7. b3 Bg7 8. Nge2 c5
9. cxd5 Nxd5 10. Nxd5 (10. dxc5 $4 Nb4 11. Qd1 Nxd3+ 12. Kf1 Nc6 $19) 10...
Bxd5 11. e4 (11. Qxc5 $143 Bxg2 12. Rg1 Nd7 $15) 11... Be6 12. Qxc5 Nc6 13. Be3
Rc8 14. Qa3 O-O (14... Nxd4 $4 15. Bxd4 Bg4 16. f3 (16. Bxg7 $143 Qxd3 17. O-O
Bxe2 $18) 16... Bxd4 17. Qa4+ Kf8 18. Qxd4 (18. Nxd4 $6 b5 19. Bxb5 axb5 $18)
18... Qxd4 19. Nxd4 $18) 15. Rd1 Nxd4 16. Bxd4 Bxd4 17. Bb1 Bc5 18. b4 Qxd1+ $4
(18... Bxf2+ $142 19. Kxf2 Qb6+ 20. Qe3 Qxb4 $18) 19. Kxd1 Bxf2 20. Nf4 Bc4 21.
Bd3 Rfd8 22. Ke2 Bxd3+ 23. Kxf2 (23. Nxd3 Rc2+ 24. Kf3 Bd4 $18) 23... Rc2+ (
23... Bxe4 24. Rc1 Bc6 $18) 24. Kf3 Bc4 25. Rc1 Rxa2 26. Qc3 b5 27. Ra1 Rdd2 (
27... Rxa1 28. Qxa1 g5 29. Nh5 Rd3+ 30. Kg4 $18) 28. Rxa2 Rxa2 29. h4 h5 (29...
Ra4 30. h5 g5 31. h6 $18) 30. g4 hxg4+ 31. Kxg4 f6 (31... Kh7 32. Qe5 $18) 32.
e5 Kf7 (32... fxe5 33. Qxe5 Kf7 34. Qe4 $18) 33. exf6 exf6 34. Qe3 Rc2 35. Qa7+
(35. Qa7+ Ke8 36. Nxg6 $18) 1-0

[Event "Corus A"]
[Site "Wijk aan Zee NED"]
[Date "2010.01.18"]
[Round "3"]
[White "Tiviakov, Sergej"]
[Black "Shirov, Alexander"]
[Result "0-1"]
[WhiteElo "2662"]
[BlackElo "2723"]
[PlyCount "62"]
[EventDate "2010.01.16"]
[EventType "tourn"]
[EventRounds "13"]
[EventCountry "NED"]
[EventCategory "19"]

{B23: Sizilianisch (Geschlossenes System)} 1. e4 c5 2. Nc3 Nc6 3. Bb5 Nd4 4.
Bc4 e6 5. Nge2 Nf6 6. O-O a6 7. d3 b5 8. Bb3 Nxb3 9. axb3 Bb7 10. f4 d5 11. e5
d4 12. exf6 dxc3 13. fxg7 Bxg7 14. bxc3 Rg8 $146 (14... Qd7 15. f5 Qc6 16. Nf4
Bxc3 17. fxe6 O-O-O 18. exf7 Bxa1 19. Qg4+ Qd7 20. Ne6 Bd4+ 21. Kh1 Bd5 22. Re1
Rhf8 23. c4 Bxe6 24. Rxe6 Rxf7 {Jotic,V (2277)-Ermenkov,E (2460)/Subotica 2002/
0-1}) 15. Rf2 Bxc3 16. Nxc3 Qd4 17. Kf1 Qxc3 18. Ra2 Qd4 19. Qh5 c4 20. bxc4 (
20. Qxh7 $4 Rh8 21. Bb2 c3 (21... Rxh7 $6 22. Bxd4 cxb3 23. cxb3 $11) 22. Qxh8+
Qxh8 $19) 20... bxc4 21. Ra4 (21. Qxh7 $4 Rh8 22. Be3 Qf6 (22... Rxh7 $6 23.
Bxd4 cxd3 24. h3 $11) 23. Qxh8+ Qxh8 $19) 21... Bd5 22. f5 (22. Qxh7 $4 Rh8 23.
Be3 Qb2 (23... Rxh7 $6 24. Bxd4 cxd3 25. cxd3 $11) 24. Qxh8+ Qxh8 25. dxc4 Bc6
$19) 22... e5 23. Qxh7 $4 (23. Qh6 $142 Rb8 24. Qxa6 $11 (24. Qxh7 $4 Kd7 25.
Qh6 Rb1 $19)) 23... Kd7 $17 24. Qh6 (24. f6 $5 Rab8 25. Qf5+ (25. Rxa6 Rb1 26.
Ke2 cxd3+ 27. Qxd3 Bc4 28. Ra7+ Kc6 29. Ke1 Bxd3 30. Rc7+ Kxc7 31. Rf3 Rxg2 32.
Rf2 Qxf2+ 33. Kd1 Qd2#) 25... Kc7 26. Rf4 (26. Rxa6 Rb1 27. Ra7+ Qxa7 28. Qxe5+
Kc6 29. Rf3 Rxc1+ 30. Qe1 Rxe1+ 31. Kxe1 Rxg2 32. Rf2 Qxf2+ 33. Kd1 Qd2#) 26...
Qxf4+ 27. Qxf4 (27. Bxf4 $143 Rb1+ 28. Bc1 Rxc1+ 29. Ke2 Rxg2+ 30. Qf2 Rxc2+
31. Ke1 Rgxf2 32. Rxa6 Rxh2 33. Ra7+ Kb6 34. Ra6+ Kxa6 35. Kd1 cxd3 36. Ke1
Rc1#) 27... exf4 28. Bxf4+ Kc8 29. Bxb8 Kxb8 30. g3 cxd3 31. cxd3 $19) 24...
Bxg2+ $19 25. Ke1 (25. Rxg2 $4 Rxg2 26. Qe3 Rxh2 27. Qxd4+ exd4 28. Rxc4 Rh1+
29. Ke2 Rxc1 30. Rxd4+ Kc6 31. Rc4+ Kd5 $19) 25... Bd5 26. Ba3 $4 (26. Qe3 Rg1+
27. Rf1 Qh4+ 28. Qf2 Qxf2+ 29. Kxf2 Rg2+ 30. Ke3 $19) 26... Rg1+ 27. Ke2 Qg4+
28. Ke3 (28. Kd2 Rd1+ 29. Ke3 Re1+ 30. Kd2 Qd1+ 31. Kc3 Qa1+ 32. Bb2 Qxa4 33.
Kd2 Qb4+ 34. Bc3 Qb1 35. Qe6+ fxe6 36. fxe6+ Kc6 37. Bb2 Rd1+ 38. Kc3 Rb8 39.
Ba3 Rxd3+ 40. cxd3 Qxd3#) 28... Re1+ 29. Kd2 Qd1+ 30. Kc3 Qa1+ 31. Kb4 (31. Bb2
Qxa4 32. Kd2 Qb4+ 33. Bc3 Qb1 34. Qe6+ fxe6 35. fxe6+ Kc6 36. Bxe5 Qc1+ 37. Kc3
Qa1+ 38. Kd2 c3+ 39. Bxc3 Qd1#) 31... Rb1+ (31... Rb1+ 32. Bb2 Qxb2+ 33. Kc5
Qd4#) 0-1